Normal view
MARC view
- Ledvinka, James
Entry Personal Name
001 - CONTROL NUMBER
- control field: 6361
003 - CONTROL NUMBER IDENTIFIER
- control field: OSt
005 - DATE AND TIME OF LATEST TRANSACTION
- control field: 20170519103757.0
008 - FIXED-LENGTH DATA ELEMENTS
- fixed length control field: 170519|| aca||aabn | a|a d
040 ## - CATALOGING SOURCE
- Original cataloging agency: OSt
- Transcribing agency: OSt
100 ## - HEADING--PERSONAL NAME
- Personal name: Ledvinka, James
670 ## - SOURCE DATA FOUND
- Source citation: Work cat.: (OSt)0: Ledvinka, James, Federal regulation of personnel and human resource management /, 1982

PORTAL AKMAL
E-MEL JKDM
AKMAL2U
G-BAM
u-PUSTAKA